<?xml version="1.0" encoding="UTF-8"?>
<record
    xmlns:xsi="http://www.w3.org/2001/XMLSchema-instance"
    xsi:schemaLocation="http://www.loc.gov/MARC21/slim http://www.loc.gov/standards/marcxml/schema/MARC21slim.xsd"
    xmlns="http://www.loc.gov/MARC21/slim">

  <leader>02179naa a2200277 i 4500</leader>
  <controlfield tag="001">BPP</controlfield>
  <controlfield tag="003">BPK</controlfield>
  <controlfield tag="005">20191005094031.0</controlfield>
  <controlfield tag="008">151204s2004    pl     f     |100 0 pol</controlfield>
  <datafield tag="040" ind1=" " ind2=" ">
    <subfield code="c">BPK</subfield>
  </datafield>
  <datafield tag="080" ind1=" " ind2=" ">
    <subfield code="a">621.3.037.37</subfield>
  </datafield>
  <datafield tag="100" ind1=" " ind2=" ">
    <subfield code="a">BIA&#x141;KO, Micha&#x142;.</subfield>
    <subfield code="d">1996 - .</subfield>
    <subfield code="b">Politechnika Koszali&#x144;ska - Wydzia&#x142; Elektroniki,</subfield>
    <subfield code="c">Katedra In&#x17C;ynierii Komputerowej</subfield>
  </datafield>
  <datafield tag="245" ind1=" " ind2=" ">
    <subfield code="a">Uk&#x142;ady cyfrowe zbudowane w oparciu o bramki pr&#x105;dowe : stan obecny, perspektywy rozwoju i zastosowania /</subfield>
    <subfield code="c">Micha&#x142; Bia&#x142;ko, Oleg Maslennikow, Natalia Maslennikowa, Piotr Paw&#x142;owski.</subfield>
  </datafield>
  <datafield tag="260" ind1=" " ind2=" ">
    <subfield code="c">2004.</subfield>
  </datafield>
  <datafield tag="500" ind1=" " ind2=" ">
    <subfield code="a">Dane z autopsji.</subfield>
  </datafield>
  <datafield tag="520" ind1=" " ind2=" ">
    <subfield code="a">Om&#xF3;wiono stan obecny oraz perspektywy rozwoju i zastosowania bramek cyfrowych pracuj&#x105;cych w trybie pr&#x105;dowym, a tak&#x17C;e r&#xF3;&#x17C;nego rodzaju uk&#x142;ad&#xF3;w cyfrowych zbudowanych z bramek pr&#x105;dowych. Opracowanie podsumowuje kilkuletnie badania autor&#xF3;w nad koncepcj&#x105; bramki pr&#x105;dowej i jej realizacj&#x105;, podstawami algebry bramek pr&#x105;dowych oraz sposob&#xF3;w projektowania i weryfikacji cyfrowych uk&#x142;ad&#xF3;w pr&#x105;dowych dzia&#x142;aj&#x105;cych w standardowej logice binarnej (Boole'a), jak i w wielowarto&#x15B;ciowych logikach z podstaw&#x105;. W pracy rozpatrzono r&#xF3;wnie&#x17C; mo&#x17C;liwo&#x15B;&#x107; wykorzystania bramek pr&#x105;dowych w uk&#x142;adach reprogramowalnych, w kt&#xF3;rych w spos&#xF3;b programowy mo&#x17C;e by&#x107; okre&#x15B;lony typ systemu liczbowego oraz jego podstawa N.</subfield>
  </datafield>
  <datafield tag="650" ind1=" " ind2="0">
    <subfield code="a">Uk&#x142;ady cyfrowe.</subfield>
  </datafield>
  <datafield tag="650" ind1=" " ind2=" ">
    <subfield code="a">Uk&#x142;ady programowalne.</subfield>
  </datafield>
  <datafield tag="655" ind1=" " ind2="0">
    <subfield code="a">Materia&#x142;y konferencyjne.</subfield>
  </datafield>
  <datafield tag="700" ind1=" " ind2=" ">
    <subfield code="a">PAW&#x141;OWSKI, Piotr.</subfield>
    <subfield code="d">1996 - .</subfield>
    <subfield code="b">Politechnika Koszali&#x144;ska - Wydzia&#x142; Elektroniki,</subfield>
    <subfield code="c">Katedra System&#xF3;w Elektronicznych</subfield>
  </datafield>
  <datafield tag="773" ind1=" " ind2=" ">
    <subfield code="i">W :</subfield>
    <subfield code="t">Trzecia Krajowa Konferencja Elektroniki : materia&#x142;y konferencji. T. 1/2. -</subfield>
    <subfield code="d">Koszalin : Wydaw. Uczelniane Politechniki Koszali&#x144;skiej, 2004. -</subfield>
    <subfield code="g">s. 83-93</subfield>
  </datafield>
  <datafield tag="711" ind1=" " ind2=" ">
    <subfield code="a">Krajowa Konferencja Elektroniki</subfield>
    <subfield code="n">(3 ;</subfield>
    <subfield code="d">2004 ;</subfield>
    <subfield code="c">Ko&#x142;obrzeg, Polska).</subfield>
    <subfield code="p">KKE'2004</subfield>
  </datafield>
  <datafield tag="700" ind1=" " ind2=" ">
    <subfield code="a">Maslennikow, Oleg</subfield>
    <subfield code="d">1996 - 2010.</subfield>
    <subfield code="b">Politechnika Koszali&#x144;ska - Wydzia&#x142; Elektroniki,</subfield>
    <subfield code="c">Katedra In&#x17C;ynierii Komputerowej</subfield>
  </datafield>
  <datafield tag="700" ind1=" " ind2=" ">
    <subfield code="a">Maslennikowa, Natalia</subfield>
    <subfield code="d">1999 - .</subfield>
    <subfield code="b">Politechnika Koszali&#x144;ska - Wydzia&#x142; Elektroniki,</subfield>
    <subfield code="c">Katedra In&#x17C;ynierii Komputerowej</subfield>
  </datafield>
  <datafield tag="942" ind1=" " ind2=" ">
    <subfield code="c">ART</subfield>
    <subfield code="2">UKD</subfield>
  </datafield>
  <datafield tag="999" ind1=" " ind2=" ">
    <subfield code="c">3682</subfield>
    <subfield code="d">3682</subfield>
  </datafield>
  <datafield tag="952" ind1=" " ind2=" ">
    <subfield code="0">0</subfield>
    <subfield code="1">0</subfield>
    <subfield code="4">0</subfield>
    <subfield code="7">0</subfield>
    <subfield code="a">BPK</subfield>
    <subfield code="b">BPK</subfield>
    <subfield code="o">72243</subfield>
    <subfield code="y">ART</subfield>
  </datafield>
</record>
